Vista normal
Vista MARC
Entrada Topical Term
Número de registros utilizados en: 1
001 - CONTROL NUMBER
- control field: 30777
003 - CONTROL NUMBER IDENTIFIER
- control field: OSt
005 - DATE AND TIME OF LATEST TRANSACTION
- control field: 20231102145949.0
008 - FIXED-LENGTH DATA ELEMENTS
- fixed length control field: 160413|| aca||aabn | a|a d
040 ## - CATALOGING SOURCE
- Original cataloging agency: OSt
- Transcribing agency: OSt
150 ## - HEADING--TOPICAL TERM
- Topical term or geographic name entry element: RETRASO MENTAL - NIÑOS
670 ## - SOURCE DATA FOUND
- Source citation: Work cat.: (OSt)46493: MYERS, Patricia 26925, Métodos para educar niños con dificultades en el aprendizaje, 2011